A concise introduction to models and methods for automated planning
محفوظ في:
| المؤلف الرئيسي: | |
|---|---|
| التنسيق: | كتاب |
| منشور في: |
springer
|
| الوسوم: |
لا توجد وسوم, كن أول من يضع وسما على هذه التسجيلة!
|
MARC
| LEADER | 00000nam a2200000Ia 4500 | ||
|---|---|---|---|
| 005 | 20260515061618.0 | ||
| 100 | |a Geffner, Hector, | ||
| 020 | |a 9783031004360 | ||
| 942 | |c BK | ||
| 245 | |a A concise introduction to models and methods for automated planning | ||
| 260 | |b springer | ||
| 999 | |c 75 |d 75 | ||
| 952 | |0 0 |1 0 |4 0 |7 0 |a ABDN |b ABDN |d 2026-05-15 |l 0 |p 000026 |r 2026-05-15 06:16:18 |w 2026-05-15 |y BK | ||